000 00222nam a2200073Ia 4500
008 170524s9999 xx 000 0 und d
100 _aGUPTA D V
245 0 _aESTIMATING -COSTING AND VALUATION OF BUILDINGS ANG CIVIL WORKS(HINDI)
260 _bASIAN PUB. MZN
999 _c7842
_d7842